000 01048pam a2200313 a 4500
001 1445
005 20230908150343.0
020 _a0679863710 (trade) : $2.99
020 _a090129003990
_c$9.99
040 _aDLC
_cDLC
_dDLC
_beng
050 0 0 _aPZ7.O81167
_bNi 1995
082 0 0 _aFic
_220
100 1 _aOsborne, Mary Pope.
245 1 0 _aNight of the Ninjas
_cby Mary Pope Osborne ; illustrated by Sal Murdocca.
260 _aNew York :
_bRandom House,
_c1995.
300 _a68 pages :
_billustrations;
_c20 cm
490 _aMagic Tree House
_vBook 5
500 _a"A First stepping stone book."
505 _aJ
520 _aThe magic tree house takes Jack and Annie back in time to feudal Japan where the siblings learn about the ways of the Ninja.
521 0 _a490
_bLexile
521 0 _aJ
_bRaz-Plus
650 1 _aTime travel
_xFiction.
650 1 _aMagic
_xFiction.
650 1 _aNinja
_xFiction.
700 1 _aMurdocca, Sal
_eillustratior
906 _a7
_bcbc
_corignew
_d1
_eocip
_f19
_gy-gencatlg
942 _2ddc
_cBK
_n0
999 _c1445
_d1445